<?xml version="1.0" encoding="UTF-8"?>
<record
    xmlns:xsi="http://www.w3.org/2001/XMLSchema-instance"
    xsi:schemaLocation="http://www.loc.gov/MARC21/slim http://www.loc.gov/standards/marcxml/schema/MARC21slim.xsd"
    xmlns="http://www.loc.gov/MARC21/slim">

  <leader>02222nam a22002177a 4500</leader>
  <controlfield tag="003">OSt</controlfield>
  <controlfield tag="005">20260413083836.0</controlfield>
  <controlfield tag="008">260413b        |||||||| |||| 00| 0 spa d</controlfield>
  <datafield tag="020" ind1=" " ind2=" ">
    <subfield code="a">9788449430633</subfield>
  </datafield>
  <datafield tag="082" ind1=" " ind2=" ">
    <subfield code="2">9788449430633</subfield>
    <subfield code="a">9788449430633</subfield>
    <subfield code="b">9788449430633</subfield>
  </datafield>
  <datafield tag="100" ind1=" " ind2=" ">
    <subfield code="a">Carlos Gispert</subfield>
  </datafield>
  <datafield tag="245" ind1=" " ind2=" ">
    <subfield code="a">Nuevo Oc&#xE9;ano UNO</subfield>
    <subfield code="b">Diccionario Enciclop&#xE9;dico Color</subfield>
  </datafield>
  <datafield tag="250" ind1=" " ind2=" ">
    <subfield code="a">1ra edici&#xF3;n</subfield>
  </datafield>
  <datafield tag="260" ind1=" " ind2=" ">
    <subfield code="a">Barcelona, Espa&#xF1;a</subfield>
    <subfield code="b">Editorial Oc&#xE9;ano</subfield>
    <subfield code="c">2005 </subfield>
  </datafield>
  <datafield tag="300" ind1=" " ind2=" ">
    <subfield code="a"> 1,792 p&#xE1;g</subfield>
    <subfield code="b"> Incluye l&#xE9;xico</subfield>
    <subfield code="c">15 x 22.5 cm </subfield>
    <subfield code="e">CD-ROM</subfield>
  </datafield>
  <datafield tag="490" ind1=" " ind2=" ">
    <subfield code="3"> tapa dura (carton&#xE9;)</subfield>
  </datafield>
  <datafield tag="520" ind1=" " ind2=" ">
    <subfield code="a">El objetivo principal del Nuevo Oc&#xE9;ano UNO es ofrecer una herramienta de consulta integral que fusiona, en un solo volumen, la precisi&#xF3;n de un diccionario de la lengua con la profundidad informativa de una enciclopedia moderna. Su dise&#xF1;o busca resolver dudas ling&#xFC;&#xED;sticas inmediatas mientras proporciona un contexto cultural, hist&#xF3;rico y cient&#xED;fico amplio para el usuario.
En su faceta ling&#xFC;&#xED;stica, el diccionario tiene como meta registrar el l&#xE9;xico actual del espa&#xF1;ol, incluyendo no solo las definiciones normativas, sino tambi&#xE9;n una vasta selecci&#xF3;n de americanismos, neologismos y tecnicismos. Esto permite que hablantes de diferentes regiones geogr&#xE1;ficas encuentren un lenguaje com&#xFA;n y actualizado, adaptado a las necesidades de la comunicaci&#xF3;n contempor&#xE1;nea.
Como obra enciclop&#xE9;dica, su prop&#xF3;sito es sintetizar el conocimiento humano en &#xE1;reas clave como la geograf&#xED;a, la historia, el arte y las ciencias. Gracias a su abundante material visual a todo color, mapas y tablas cronol&#xF3;gicas, el libro busca facilitar el aprendizaje visual y la r&#xE1;pida localizaci&#xF3;n de datos biogr&#xE1;ficos o eventos hist&#xF3;ricos de relevancia global.
Finalmente, esta edici&#xF3;n tiene un enfoque marcadamente pedag&#xF3;gico y familiar, dise&#xF1;ado para ser el primer punto de referencia en el hogar o la escuela. Al estructurar la informaci&#xF3;n de manera clara y atractiva, busca fomentar el h&#xE1;bito de la investigaci&#xF3;n aut&#xF3;noma y proporcionar una base s&#xF3;lida de cultura general para estudiantes y lectores curiosos.</subfield>
  </datafield>
  <datafield tag="650" ind1=" " ind2=" ">
    <subfield code="a">L&#xE9;xico y Filolog&#xED;a</subfield>
    <subfield code="v">Ciencias Naturales y Exactas</subfield>
    <subfield code="x">Humanidades y Geograf&#xED;a</subfield>
  </datafield>
  <datafield tag="700" ind1=" " ind2=" ">
    <subfield code="a">Carlos Gispert</subfield>
  </datafield>
  <datafield tag="942" ind1=" " ind2=" ">
    <subfield code="2">ddc</subfield>
    <subfield code="c">BKA</subfield>
    <subfield code="n">0</subfield>
  </datafield>
  <datafield tag="952" ind1=" " ind2=" ">
    <subfield code="0">0</subfield>
    <subfield code="1">0</subfield>
    <subfield code="2">ddc</subfield>
    <subfield code="4">0</subfield>
    <subfield code="7">0</subfield>
    <subfield code="8">F02</subfield>
    <subfield code="a">ISUS</subfield>
    <subfield code="b">ISUS</subfield>
    <subfield code="c">Biblioteca Abierta</subfield>
    <subfield code="d">2026-04-13</subfield>
    <subfield code="e">Diccionario </subfield>
    <subfield code="f">0490</subfield>
    <subfield code="i">0490</subfield>
    <subfield code="l">0</subfield>
    <subfield code="o">LECTURA</subfield>
    <subfield code="p">BIBLIO0490</subfield>
    <subfield code="r">2026-04-13 08:39:38</subfield>
    <subfield code="t">1</subfield>
    <subfield code="w">2026-04-13</subfield>
    <subfield code="y">BKA</subfield>
  </datafield>
  <datafield tag="999" ind1=" " ind2=" ">
    <subfield code="c">2066</subfield>
    <subfield code="d">2066</subfield>
  </datafield>
</record>
